<?xml version="1.0" encoding="UTF-8"?>
<record
    xmlns:xsi="http://www.w3.org/2001/XMLSchema-instance"
    xsi:schemaLocation="http://www.loc.gov/MARC21/slim http://www.loc.gov/standards/marcxml/schema/MARC21slim.xsd"
    xmlns="http://www.loc.gov/MARC21/slim">

  <leader>00238nam a2200097Ia 4500</leader>
  <controlfield tag="001">646010</controlfield>
  <controlfield tag="005">20250826153634.0</controlfield>
  <controlfield tag="008">250824s9999    xx            000 0 und d</controlfield>
  <datafield tag="245" ind1=" " ind2="0">
    <subfield code="a">FET&#x130;H YOLUNDA</subfield>
    <subfield code="c">&#x130;SMA&#x130;L B&#x130;LG&#x130;N</subfield>
  </datafield>
  <datafield tag="260" ind1=" " ind2=" ">
    <subfield code="b">GEN&#xC7; T&#x130;MA&#x15E;</subfield>
  </datafield>
  <datafield tag="999" ind1=" " ind2=" ">
    <subfield code="c">646010</subfield>
    <subfield code="d">646010</subfield>
  </datafield>
  <datafield tag="952" ind1=" " ind2=" ">
    <subfield code="0">0</subfield>
    <subfield code="1">0</subfield>
    <subfield code="4">0</subfield>
    <subfield code="7">0</subfield>
    <subfield code="a">1005</subfield>
    <subfield code="b">1005</subfield>
    <subfield code="d">2025-08-24</subfield>
    <subfield code="l">2</subfield>
    <subfield code="p">10051114</subfield>
    <subfield code="r">2025-11-07 12:01:03</subfield>
    <subfield code="s">2025-11-05</subfield>
    <subfield code="w">2025-08-26</subfield>
    <subfield code="y">BK</subfield>
  </datafield>
</record>
